000 00592nam a22002297a 4500
003 UA-OsUOA
001 42699
007 ta
008 20061114b un ||||| |||| 00| 0 ukr d
100 _aГастев А.
090 _a929
_bГ 22
942 _cBK
040 _aUA-OsUOA
_brus
_cUA-OsUOA
_dUA-OsUOA
245 _aЛеонардо да Винчи
_bЖЗЛ
300 _a393 с.
955 _a3
041 _arus
080 _a929
260 _aМ.
_b"Молодая гвардия"
_c1982
650 7 _a9 Географія. Біографії. Історія
_2UDC
999 _c328832
_d328832